[Event "Prague Holiday K31"]
[Site "Prague"]
[Date "2017.08.01"]
[Round "4"]
[White "Cisarik, Pavol"]
[Black "Hering, Sven"]
[Result "0-1"]
[WhiteElo "1674"]
[BlackElo "1949"]
[PlyCount "42"]
[EventDate "2017.07.30"]
[EventType "tourn"]
[EventRounds "9"]
[EventCountry "CZE"]
[SourceTitle "EXT 2023"]
[Source "ChessBase"]
[SourceDate "2022.10.05"]
[SourceVersion "1"]
[SourceVersionDate "2022.10.05"]
[SourceQuality "1"]

1. e4 c5 2. c3 Nf6 3. e5 Nd5 4. d4 cxd4 5. cxd4 d6 6. exd6 e6 7. Nc3 Nxc3 8. bxc3 Bxd6 9. Nf3 b6 10. Bd3 Bb7 11. 0-0 Nd7 12. Bg5 Qc7 13. c4 0-0 14. h3 Bf4 15. d5 exd5 16. Bxf4 Qxf4 17. cxd5 Nf6 18. g3 Qd6 19. Bc4 Nxd5 20. Qd2 Rad8 21. Rfd1 Qf6 0-1

[Event "Prague Holiday K31"]
[Site "Prague"]
[Date "2017.07.30"]
[Round "1"]
[White "Hering, Sven"]
[Black "Hapke, Ralf"]
[Result "1/2-1/2"]
[WhiteElo "1949"]
[BlackElo "1828"]
[PlyCount "44"]
[EventDate "2017.07.30"]
[EventType "tourn"]
[EventRounds "9"]
[EventCountry "CZE"]
[SourceTitle "EXT 2023"]
[Source "ChessBase"]
[SourceDate "2022.10.05"]
[SourceVersion "1"]
[SourceVersionDate "2022.10.05"]
[SourceQuality "1"]

1. e4 e5 2. Qh5 Nf6 3. Qxe5+ Be7 4. Qf4 0-0 5. Bc4 d5 6. exd5 Nxd5 7. Qf3 Nf6 8. Ne2 Nc6 9. 0-0 Ne5 10. Qb3 Nxc4 11. Qxc4 Be6 12. Qd4 Bd6 13. Nbc3 c6 14. d3 Qe7 15. Ne4 Nxe4 16. Qxe4 Qf6 17. Nf4 Bf5 18. Qf3 Rfe8 19. Rb1 Re7 20. Nh3 Qg6 21. Nf4 Qf6 22. Nh3 Qg6 1/2-1/2

[Event "Vellmar op 8th"]
[Site "Vellmar"]
[Date "2016.07.31"]
[Round "6"]
[White "Cai, Zhuoran"]
[Black "Hering, Sven"]
[Result "1/2-1/2"]
[WhiteElo "1898"]
[BlackElo "1968"]
[PlyCount "120"]
[EventDate "2016.07.28"]
[EventType "swiss"]
[EventRounds "7"]
[EventCountry "GER"]
[SourceTitle "CBM 173 Extra"]
[Source "ChessBase"]
[SourceDate "2016.08.29"]
[SourceVersion "1"]
[SourceVersionDate "2016.08.29"]
[SourceQuality "1"]

1. d4 d5 2. Nf3 Nf6 3. c4 dxc4 4. Nc3 a6 5. a4 Nc6 6. e3 Na5 7. Ne5 e6 8. Nxc4 c5 9. dxc5 Qxd1+ 10. Kxd1 Nxc4 11. Bxc4 Bxc5 12. Ke2 Bd7 13. f3 Rc8 14. Bd3 0-0 15. Bd2 Rfd8 16. Rhb1 Bb4 17. e4 e5 18. Rc1 Be6 19. Bg5 Rd6 20. Na2 Rxc1 21. Bxc1 Bc5 22. Be3 Nd7 23. b4 Bd4 24. Bxd4 Rxd4 25. a5 Kf8 26. Kd2 Bxa2 27. Rxa2 Rxb4 28. Kc3 Rd4 29. Bc4 Rd1 30. Rb2 Ra1 31. Rxb7 Rc1+ 32. Kd2 Rxc4 33. Rxd7 Ra4 34. Rd5 Ra2+ 35. Ke3 Rxg2 36. h3 Rg5 37. Kf2 Ke7 38. h4 Rh5 39. Kg3 Ke6 40. Kg4 Rh6 41. Rc5 Rg6+ 42. Kh3 Kd6 43. Rd5+ Ke6 44. Rc5 f5 45. f4 fxe4 46. Rxe5+ Kd6 47. Rxe4 Kc5 48. Re5+ Kb4 49. Rh5 h6 50. Re5 Rg1 51. Rd5 g6 52. Re5 h5 53. Rg5 Rh1+ 54. Kg3 Ra1 55. Kf3 Rxa5 56. Rxg6 Ra3+ 57. Ke4 Rh3 58. Rxa6 Rxh4 59. Kf5 Kc5 60. Rf6 Kd5 1/2-1/2

[Event "Oberliga Nord O 1516"]
[Site "Germany"]
[Date "2015.11.15"]
[Round "3.8"]
[White "Hering, Sven"]
[Black "Galbraith, Martin"]
[Result "0-1"]
[WhiteElo "1974"]
[BlackElo "2114"]
[PlyCount "116"]
[EventDate "2015.09.20"]
[EventType "team-tourn"]
[EventRounds "9"]
[EventCountry "GER"]
[SourceTitle "CBM 170 Extra"]
[Source "ChessBase"]
[SourceDate "2016.02.25"]
[SourceVersion "1"]
[SourceVersionDate "2016.02.25"]
[SourceQuality "1"]
[WhiteTeam "Cottbus Lokomotive"]
[BlackTeam "Berlin SF"]
[WhiteTeamCountry "GER"]
[BlackTeamCountry "GER"]

1. e4 c6 2. d4 d5 3. exd5 cxd5 4. c4 Nf6 5. Nf3 e6 6. Nc3 Be7 7. Bf4 Nc6 8. c5 Ne4 9. Bd3 Nxc3 10. bxc3 b6 11. cxb6 axb6 12. Qc2 Ba6 13. 0-0 Bxd3 14. Qxd3 0-0 15. Rfb1 Na5 16. Qb5 Nc4 17. Nd2 Na3 18. Qxb6 Nxb1 19. Qxd8 Rfxd8 20. Nxb1 Rdc8 21. a4 Ra5 22. Kf1 Rc4 23. Ke2 Rcxa4 24. Rxa4 Rxa4 25. Nd2 Bd8 26. Bd6 Ra2 27. Kd3 Bg5 28. f4 Bh6 29. g4 f6 30. Nf3 g6 31. g5 fxg5 32. Nxg5 Bxg5 33. fxg5 Rg2 34. Bg3 Kf7 35. c4 dxc4+ 36. Kxc4 Rc2+ 37. Kd3 Ra2 38. Ke4 Ra5 39. Be5 Ke7 40. Kf4 Kd7 41. Ke4 Kc6 42. Bf6 Ra2 43. Be5 Re2+ 44. Kf3 Re1 45. Bg3 Rf1+ 46. Ke4 Rf5 47. Bf4 Kb5 48. h4 Kc4 49. Be5 Rf1 50. Bg3 Rg1 51. Bf2 Rg2 52. Be3 Re2 53. Kf3 Kd3 54. Bg1 Re4 55. Bf2 Rxd4 56. Bxd4 Kxd4 57. Kg4 e5 58. h5 e4 0-1

[Event "Pardubice op rap 26th"]
[Site "Pardubice"]
[Date "2015.07.23"]
[Round "4"]
[White "Fang, Andy"]
[Black "Hering, Sven"]
[Result "1-0"]
[WhiteElo "1798"]
[BlackElo "1968"]
[PlyCount "77"]
[EventDate "2015.07.22"]
[EventType "swiss (rapid)"]
[EventRounds "9"]
[EventCountry "CZE"]
[SourceTitle "CBM 167 Extra"]
[Source "ChessBase"]
[SourceDate "2015.09.14"]
[SourceVersion "1"]
[SourceVersionDate "2015.09.14"]
[SourceQuality "1"]

1. d4 Nf6 2. Bg5 e6 3. e4 Be7 4. e5 Nd5 5. Bxe7 Nxe7 6. Nf3 d5 7. Bd3 c5 8. c3 cxd4 9. cxd4 Nbc6 10. Nc3 a6 11. 0-0 Bd7 12. a3 Ng6 13. Rc1 0-0 14. Bb1 f5 15. b4 Nh4 16. Nxh4 Qxh4 17. f4 Be8 18. Na4 Bh5 19. Qd2 g5 20. Nc5 gxf4 21. Nxe6 f3 22. g3 Qg4 23. Rxc6 bxc6 24. Nxf8 Rxf8 25. Qf4 Qg6 26. Kf2 Kh8 27. Rc1 Bg4 28. Bd3 Qh5 29. h4 Qe8 30. Qh6 Rg8 31. Qf6+ Rg7 32. Rxc6 Bh5 33. Rc7 Bf7 34. Bxf5 Kg8 35. Rc8 Rg6 36. Rxe8+ Bxe8 37. Bxg6 Bxg6 38. Qxg6+ hxg6 39. Kxf3 1-0

[Event "Oberliga Ost-A 0506"]
[Site "Germany"]
[Date "2006.01.29"]
[Round "7.7"]
[White "Hering, Sven"]
[Black "Just, Wolfgang"]
[Result "0-1"]
[WhiteElo "2097"]
[BlackElo "2185"]
[PlyCount "76"]
[EventDate "2005.11.13"]
[EventType "team-tourn"]
[EventRounds "11"]
[EventCountry "GER"]
[SourceTitle "EXT 2007"]
[Source "ChessBase"]
[SourceDate "2006.11.23"]
[SourceVersion "1"]
[SourceVersionDate "2006.11.23"]
[SourceQuality "1"]
[WhiteTeam "Halle USV II"]
[BlackTeam "Leipzig Lok Mitte II"]
[WhiteTeamCountry "GER"]
[BlackTeamCountry "GER"]

1. Nc3 e6 2. e4 d5 3. Nf3 dxe4 4. Nxe4 Bd7 5. Ne5 Nf6 6. Nxf6+ gxf6 7. Nxd7 Nxd7 8. d4 Bd6 9. Bd3 c6 10. c3 Qc7 11. Qc2 Bxh2 12. Bh6 Ke7 13. g3 Bxg3 14. fxg3 Qxg3+ 15. Kd2 Qg2+ 16. Be2 Rhg8 17. Qxh7 Ne5 18. Bf4 Nc4+ 19. Kd3 Nxb2+ 20. Ke3 f5 21. Qh4+ Kd7 22. Be5 Rg4 23. Bxg4 Nc4+ 24. Kd3 Nb2+ 25. Ke3 Nc4+ 26. Kf4 Rg8 27. Rag1 Qe4+ 28. Kg3 Rxg4+ 29. Qxg4 fxg4 30. Re1 Qf3+ 31. Kh4 Ne3 32. Rxe3 Qxe3 33. Rh2 f6 34. Bb8 Qxc3 35. Bf4 Qf3 36. Bb8 a5 37. Bg3 Qf5 38. Bb8 b5 0-1

[Event "Bad Koenigshofen op"]
[Site "Bad Koenigshofen"]
[Date "2006.??.??"]
[Round "4"]
[White "Hering, Sven"]
[Black "Christen, Pierre"]
[Result "0-1"]
[WhiteElo "2100"]
[BlackElo "1985"]
[PlyCount "70"]
[EventDate "2006.08.04"]
[EventType "swiss"]
[EventRounds "9"]
[EventCountry "GER"]
[SourceTitle "EXT 2008"]
[Source "ChessBase"]
[SourceDate "2007.11.25"]
[SourceVersion "1"]
[SourceVersionDate "2007.11.25"]
[SourceQuality "1"]

1. f4 Nf6 2. Nf3 d5 3. g3 c6 4. Bg2 Bf5 5. d3 h6 6. Nc3 d4 7. Nh4 dxc3 8. bxc3 e6 9. Rb1 Qc7 10. e4 Bh7 11. Be3 Nbd7 12. c4 Bc5 13. Qd2 Bxe3 14. Qxe3 Qa5+ 15. Ke2 Rb8 16. e5 Ng8 17. Qd4 Ne7 18. Rb2 c5 19. Qf2 b6 20. Rc1 Qc3 21. Rb3 Qd4 22. Qe1 Nf5 23. Qd2 Nxh4 24. gxh4 g5 25. Rf1 gxf4 26. Rxf4 Qxe5+ 27. Kf1 Qa1+ 28. Ke2 Rg8 29. Bc6 Qe5+ 30. Kf2 Bf5 31. Rb1 Rg4 32. Rxg4 Bxg4 33. Qxh6 Qxh2+ 34. Ke3 Qe2+ 35. Kf4 Qd2+ 0-1

[Event "Bad Koenigshofen op"]
[Site "Bad Koenigshofen"]
[Date "2006.??.??"]
[Round "8"]
[White "Reich, Thomas"]
[Black "Hering, Sven"]
[Result "1-0"]
[WhiteElo "2440"]
[BlackElo "2100"]
[PlyCount "67"]
[EventDate "2006.08.04"]
[EventType "swiss"]
[EventRounds "9"]
[EventCountry "GER"]
[SourceTitle "EXT 2008"]
[Source "ChessBase"]
[SourceDate "2007.11.25"]
[SourceVersion "1"]
[SourceVersionDate "2007.11.25"]
[SourceQuality "1"]

1. d4 f5 2. Nf3 Nf6 3. g3 g6 4. Bg2 Bg7 5. 0-0 d6 6. c4 0-0 7. Nc3 Qe8 8. b3 Na6 9. Ba3 c6 10. Re1 h6 11. e4 fxe4 12. Nxe4 Nxe4 13. Rxe4 Bf5 14. Re3 g5 15. Bxd6 exd6 16. Rxe8 Raxe8 17. Qd2 Nc5 18. Qa5 Bg4 19. Ne5 Bxe5 20. dxe5 Rxe5 21. Qxa7 Re2 22. b4 Rfe8 23. h3 Re1+ 24. Rxe1 Rxe1+ 25. Kh2 Nd3 26. hxg4 Ne5 27. Qb8+ Kf7 28. Qxb7+ Kf6 29. Qc8 Re2 30. Qf5+ Ke7 31. a4 Rxf2 32. Qxf2 Nxg4+ 33. Kg1 Nxf2 34. Kxf2 1-0